Witamy w Bibliotece Naukowej Instytutu Łączności!

Grundlagen der Theorie elektrischer Schaltungen. (Rekord nr 7243)

000 -LEADER
fixed length control field 00861cam a2200241 ic4500
001 - CONTROL NUMBER
control field vtls002121376
003 - CONTROL NUMBER IDENTIFIER
control field NUKAT
005 - DATE AND TIME OF LATEST TRANSACTION
control field 20180514112306.0
008 - FIXED-LENGTH DATA ELEMENTS--GENERAL INFORMATION
fixed length control field 110617s1970 gw a f |001 0 ger c
035 ## - SYSTEM CONTROL NUMBER
System control number xx002121376
039 #9 - LEVEL OF BIBLIOGRAPHIC CONTROL AND CODING DETAIL [OBSOLETE]
Level of rules in bibliographic description 201711270159
Level of effort used to assign nonsubject heading access points VLOAD
Level of effort used to assign subject headings 201711241306
Level of effort used to assign classification VLOAD
Level of effort used to assign subject headings 201502260125
Level of effort used to assign classification VLOAD
Level of effort used to assign subject headings 201502252153
Level of effort used to assign classification jula
040 ## - CATALOGING SOURCE
Original cataloging agency GL 001/ML
Transcribing agency GL 001/ML
Modifying agency GL 001/KCHs
-- GL 001/IFW
100 1# - MAIN ENTRY--PERSONAL NAME
Personal name Klein, Wilhelm
Titles and other words associated with a name (elektryka).
245 10 - TITLE STATEMENT
Title Grundlagen der Theorie elektrischer Schaltungen.
Number of part/section of a work T. 1,
Name of part/section of a work Mehrtortheorie /
Statement of responsibility, etc von Wilhelm Klein.
246 30 - VARYING FORM OF TITLE
Title proper/short title Mehrtortheorie
250 ## - EDITION STATEMENT
Edition statement 2., neubearb. Aufl.
260 ## - PUBLICATION, DISTRIBUTION, ETC. (IMPRINT)
Place of publication, distribution, etc Berlin :
Name of publisher, distributor, etc Akademie-Verl.,
Date of publication, distribution, etc 1970.
300 ## - PHYSICAL DESCRIPTION
Extent XII, 171 s., [1] s. tabl. :
Other physical details il. ;
Dimensions 22 cm.
504 ## - BIBLIOGRAPHY, ETC. NOTE
Bibliography, etc Bibliogr. 165-168. Indeks.
650 ## - SUBJECT ADDED ENTRY--TOPICAL TERM
Topical term or geographic name as entry element Obwody elektryczne.
710 2# - ADDED ENTRY--CORPORATE NAME
Corporate name or jurisdiction name as entry element Akademie-Verlag (Berlin).
Relator code pbl
942 ## - ADDED ENTRY ELEMENTS (KOHA)
Source of classification or shelving scheme
Koha item type Książki
Egzemplarze
Withdrawn status Lost status Source of classification or shelving scheme Damaged status Not for loan Permanent Location Current Location Shelving location Date acquired Inventory number Full call number Barcode Date last seen Price effective from Koha item type
          Instytut Łączności Instytut Łączności Magazyn 1970-05-20 25443/1 25443/1 25443/1 2022-09-21 2017-11-30 Książki

Działa dzięki Koha